00636cam a22002171 4500001001300000003000400013005001700017008004100034010001700075035001900092040001800111042001200129050001800141100002900159245002200188260004800210300003500258440006800293600004200361999001500403af 48000702 DLC20260227110845.0771213s1946 gw ag 000 0bger  aaf 48000702  a(OCoLC)3487114 aDLCcViUdDLC apremarc00aML410.M9bZ351 aZentner, Wilhelm,d1893-14aDer junge Mozart. aAltötting,b"Bücher der Heimat,"c1946. a135 p.billus. (music)c18 cm. 0aBücher der Heimat, aus Bayern, Oesterreich und Tirol,vBd. 1210aMozart, Wolfgang Amadeus,d1756-1791. c4177d4177